000 00697nam a2200241Ia 4500
001 11059
003 GE_BSU
008 181216s||||||||xx |||||||||||||| ||und||
020 _a9780203119730(ebk)
040 _cGE_BSU
080 _a37
100 _aLeary,Matt O
245 _aClassroom observation.
245 2 _bA Guide to the effective observation of teaching and learning.
260 _aLondon and New York.
260 _c2014.
300 _a195p;24cm.
520 _aშემოსულია ტემპუსის პროექტით.
541 _h88Gel.
653 _aClassroom observation.
653 _aტემპუსის პროექტით
942 _cBK
999 _c44301
_d44301